Statistics for Top 15 Countries with Covid-19 Cases - 26 November

Click here to take the quiz!

General Stats

  • This quiz has been taken 19 times
  • The average score is 16 of 26

Answer Stats

country% Correct
Italy
100%
United Kingdom
100%
United States
100%
France
95%
India
95%
Spain
95%
Brazil
89%
Russia
89%
Germany
84%
Mexico
84%
Argentina
79%
Peru
63%
Poland
63%
Belgium
58%
Iran
53%
Colombia
47%
Qatar
37%
Armenia
32%
Bahrain
32%
Czechia
32%
Israel
32%
Kuwait
32%
Panama
26%
Switzerland
26%
Slovenia
16%
Georgia
5%

Score Distribution

Percentile by Number Answered

Percent of People with Each Score

Your Score History

You have not taken this quiz